000 00593nam a22001937a 4500
005 20260702110553.0
010 _aENG-148965
020 _c995.00
_a9788195742844
035 _aEN-132497
037 _bDBAD
082 _a954
_21
245 _aHistory of Indian Cricket/
_cEdited By Sangeeta Mohan
250 _a1
260 _aUttar Pradesh
_bKanhya Publishers
_c2022
270 _bUttar Pradesh
_aGround Floor 260, Shaktikhand III, Indirapuram, Ghaziabad
_e201010
300 _a304p.
_c22cm(pb)
700 _aSangeeta Mohan
_eEditor
_989490
942 _2ddc
_cEN
_h954
_mHIS
999 _c216825
_d216825